000 01261nam a22003737a 4500
003 CHAP
005 20220817042440.0
008 971013s1980 r 00010 d
010 _a45028
011 _a46000
035 _a50140
040 _cCHAP
082 _a378.72
_bU5 1980
110 _aUniversidad Nacional Autónoma de México
245 _aGuía de carreras. 1980
250 _a10 ed.
260 _aMéxico, D.F. :
_bUNAM,
_c(1980)
300 _a385 p.
_b: ilus.
590 _aBATCH-UPD
_b10
_c20130110
_lUCH01
_h0134
590 _aBATCH-UPD
_b10
_c20130110
_lUCH01
_h1927
590 _aBATCH-UPD
_b10
_c20130409
_lUCH01
_h2131
590 _aBATCH-UPD
_b10
_c20130410
_lUCH01
_h1252
590 _aBATCH-UPD
_b10
_c20130914
_lUCH01
_h0557
590 _aCONVERSION
_b10
_c20130109
_lUCH01
_h1325
650 1 4 _aBellas artes.
_911379
650 1 4 _aCiencia
_xEstudio y enseñanza.
_923118
650 1 4 _aEducación superior.
650 1 4 _aTecnología
_xEstudio y enseñanza.
_9111945
901 _aBK
942 _cLIBRO
949 _a378.72 U5 1980
_bBC
_cC
_d33724000513222
_eC
_fc.2
_h51408
_i50140
_mD
_si
949 _a378.72 U5 1980
_bBC
_cC
_d33724000513230
_eC
_fc.3
_h51412
_i50140
_mD
_si
949 _a378.72 U5 1980
_bBC
_cC
_d33724000513255
_eC
_h51407
_i50140
_mD
_si
999 _c45028
_d45028